000 00725nas a2200241 4500
001 BR7500434
003 BR-BrBNA
005 20231205082801.0
007 ta
008 230509b bl.|||p| |||| 00| 00por d
040 _aBR-BrBNA
_bpor
_cBiblioteca Nacional de Agricultura
041 _a(Pt)
072 _aF25; N20
100 1 _aCardoso, C.O.N.
245 1 _aSistema automatico de irrigacao de vasos com solucao nutritiva
650 _aFERTILIDADE DO SOLO
650 _aEQUIPAMENTO RURAL
650 _aIRRIGACAO
650 _aNUTRICAO VEGETAL
773 0 _tSumma Phytopathologica (Brazil)
_xISSN 0100-5405
_g(Jan 1975), v. 1(1) p. 69-72
_wBR7500434
909 _a202311
_bLúcia
_c55
_dLúcia Elande
942 _2AGRIS
_n0
_cANA
999 _c94194
_d94194